000 00312nam a22001337a 4500
008 181206b xxu||||| |||| 00| 0 eng d
020 _a9780136731047
041 _aeng
080 _a541
100 _a12
101 _aKIM
245 _aPhysical Chemistry a modern Introduction
_cDykstra,C.E
942 _2udc
_cBK
999 _c52916
_d52916